Tâm lý phạm tội và vấn đề chống tội phạm (Lứa tuổi vị thành niên) /
Cuốn sách giúp cho mọi gia đình, mọi tầng lớp xã hội, các bậc làm cha, làm mẹ, làm anh, làm chị, các nhà trường, các tổ chức nuôi dưỡng và giáo dục thế hệ trẻ, các nhà hoạch định chính sách tìm ra các giải pháp...
Bewaard in:
| Hoofdauteur: | |
|---|---|
| Andere auteurs: | , , |
| Formaat: | Boek |
| Taal: | Vietnamese |
| Gepubliceerd in: |
Hà Nội :
Công an nhân dân,
1999.
|
| Onderwerpen: | |
| Tags: |
Voeg label toe
Geen labels, Wees de eerste die dit record labelt!
|
| Thư viện lưu trữ: | Mạng thư viện Đại học Đà Nẵng |
|---|
| LEADER | 01370cam a2200385 i 4500 | ||
|---|---|---|---|
| 001 | 000046902 | ||
| 003 | 6411 | ||
| 005 | 20030929112051.0 | ||
| 008 | 010306b1999 vm 000 vie | ||
| 020 | |c 21000 | ||
| 022 | |a T | ||
| 040 | |a IRC |c IRC |d IRC | ||
| 041 | 0 | |a vie | |
| 082 | 1 | 4 | |a 364.2 |b LÊ-C |
| 100 | 1 | |a Lê Văn Cương, |c PGS. PTS. | |
| 245 | 0 | 0 | |a Tâm lý phạm tội và vấn đề chống tội phạm (Lứa tuổi vị thành niên) / |c Lê Văn Cương chủ biên, Trương Như Vương, Trương Đức Thành, Kim Huê. |
| 260 | |a Hà Nội : |b Công an nhân dân, |c 1999. | ||
| 300 | |a 174tr. ; |c 19cm. | ||
| 520 | 3 | |a Cuốn sách giúp cho mọi gia đình, mọi tầng lớp xã hội, các bậc làm cha, làm mẹ, làm anh, làm chị, các nhà trường, các tổ chức nuôi dưỡng và giáo dục thế hệ trẻ, các nhà hoạch định chính sách tìm ra các giải pháp... | |
| 630 | 0 | 4 | |a Tâm lý học. |
| 630 | 0 | 4 | |a Tội phạm học. |
| 650 | 0 | 4 | |a Tội phạm học. |
| 700 | 1 | |a Trương Như Vương. | |
| 700 | 1 | |a Trương Đức Thành. | |
| 700 | 1 | |a Kim Huê. | |
| OWN | |a DUT | ||
| 999 | |a From the UDN01 | ||
| TYP | |a Monograph | ||
| TYP | |a Printed language | ||
| 980 | |a Mạng thư viện Đại học Đà Nẵng | ||